中国地级行政区人类发展指数后50名 China prefecture regions with the lowest HDI - Statistics

General Stats
  • This quiz has been taken 287 times
  • The average score is 32 of 50
Answer Stats
HDI 地级行政区 % Correct
0.593 日喀则地区
92%
0.612 阿里地区
92%
0.569 那曲地区
86%
0.635 山南地区
86%
0.640 果洛藏族自治州
86%
0.644 林芝地区
86%
0.665 甘孜藏族自治州
86%
0.678 海南藏族自治州
86%
0.596 昌都地区
85%
0.680 海北藏族自治州
85%
0.527 玉树藏族自治州
83%
0.623 和田地区
81%
0.667 海东市
80%
0.686 凉山彝族自治州
80%
0.670 黄南藏族自治州
76%
0.652 怒江傈僳族自治州
75%
0.634 甘南藏族自治州
74%
0.659 喀什地区
74%
0.676 黔东南苗族侗族自治州
72%
0.686 黔南布依族苗族自治州
71%
0.690 黔西南布依族苗族自治州
71%
0.667 红河哈尼族彝族自治州
69%
0.682 西双版纳傣族自治州
69%
0.646 陇南市
67%
0.663 德宏傣族景颇族自治州
67%
0.629 昭通市
66%
0.645 文山壮族苗族自治州
65%
0.666 保山市
65%
0.654 普洱市
63%
0.652 临沧市
62%
0.630 临夏回族自治州
61%
0.673 大理白族自治州
61%
0.675 楚雄彝族自治州
59%
0.676 克孜勒苏柯尔克孜自治州
58%
0.665 丽江市
57%
0.670 固原市
55%
0.674 曲靖市
55%
0.685 安顺市
55%
0.670 毕节市
54%
0.688 武威市
53%
0.680 铜仁市
52%
0.666 平凉市
51%
0.668 天水市
51%
0.639 定西市
49%
0.688 河池市
44%
0.681 巴中市
38%
0.691 达州市
30%
0.687 广元市
29%
0.675 阜阳市
17%
0.689 亳州市
14%
No matching quizzes found
Score Distribution
Percent of People with Each Score
Percentile by Number Answered
Your Score History
You have not taken this quiz